| 000 -LEADER |
| fixed length control field |
00999nam a22002297a 4500 |
| 003 - CONTROL NUMBER IDENTIFIER |
| control field |
OSt |
| 005 - DATE AND TIME OF LATEST TRANSACTION |
| control field |
20260515113403.0 |
| 008 - FIXED-LENGTH DATA ELEMENTS--GENERAL INFORMATION |
| fixed length control field |
260515b ||||| |||| 00| 0 eng d |
| 020 ## - INTERNATIONAL STANDARD BOOK NUMBER |
| International Standard Book Number |
9789951772518 |
| 040 ## - CATALOGING SOURCE |
| Original cataloging agency |
BSHUA |
| Language of cataloging |
Shqip |
| 050 ## - LIBRARY OF CONGRESS CALL NUMBER |
| Classification number |
929:78(496.51) |
| Item number |
929:78/Mull. |
| 082 ## - DEWEY DECIMAL CLASSIFICATION NUMBER |
| Item number |
929:78/Mull. |
| 100 ## - MAIN ENTRY--PERSONAL NAME |
| Personal name |
Perkola, (Palokaj) Kristina |
| 245 ## - TITLE STATEMENT |
| Title |
Dy jetë për muzikë: Rexho Mulliqi & Nexhmije Pagarusha : Monografi me rastin e 100 dhe 90-vjetorit të lindjes |
| 260 ## - PUBLICATION, DISTRIBUTION, ETC. (IMPRINT) |
| Place of publication, distribution, etc |
Prishtine: |
| Name of publisher, distributor, etc |
Jakup Ceraja, |
| Date of publication, distribution, etc |
2023. |
| 300 ## - PHYSICAL DESCRIPTION |
| Extent |
164 f.; me ilustr. |
| Dimensions |
24 cm. |
| 500 ## - GENERAL NOTE |
| General note |
Redaktore : Dr. Indira Cipa<br/>Recensente : Violeta Krasniqi<br/>Lektor : Alfred Beka <br/>Shtepia Botuese : Jakup Ceraja<br/>Design : Rrezart Fejzullahu<br/>Shtypi : Lena Graphic<br/> |
| 653 ## - INDEX TERM--UNCONTROLLED |
| Uncontrolled term |
Muzika shqiptare - Muzika e Kosoves - Kompozitoret - Kengetaret - Rexho Mulliqi - Nexhmije Pagarusha - Jeta - Veprat - |
| -- |
Krijimtaria artistike - Karriera - Biografia - Monografia |
| 856 ## - ELECTRONIC LOCATION AND ACCESS |
| Link text |
Fulltext |
| 942 ## - ADDED ENTRY ELEMENTS (KOHA) |
| Source of classification or shelving scheme |
|
| Koha item type |
Books |
| 953 ## - Fulltext |
| Is Fulltext Available |
Unavailable |